000 00367nam a2200157Ia 4500
003 Ost
005 20260225132558.0
008 260225s9999||||xx |||||||||||||| ||und||
040 _cfsic
041 _afre
082 _a297.09
100 _aGeorges boulanger
_eAuteur
245 0 _aLe dossier de la gybernétique /
245 0 _cGeorges boulanger
942 _cكتاب
999 _c34611
_d34611